=LDR 00000nam 2200000 4500 =001 INLIS000000000024777 =005 20130612123336 =008 ***********************************Ind** =035 ##$$0010-061300000024777 =041 ##$$a Ind =082 ##$$a 398 =090 ##$$a 398, Sik u =100 ##$$a Sikki =245 ##$$a Ungkapan bahasa makasar, Sikki =260 ##$$a 1966 $b Jakarta =300 ##$$a 168 hlm, 21 cm =650 ##$$a bahasa makasar =850 ##$$a NBPNMAT